000 00343nam a22001457a 4500
003 SGT
020 _a9789388548472
082 _a346.20954
_bVAR
100 _aVARDHAN , YASHOD
245 _a THE INDIAN CONTRACT & SPECIFIC RELIEF ACTS
250 _a16
260 _aGURGAON
_bLEXIS NEXIS
_c2019
300 _aCDXLIV ,2510
942 _2ddc
_cBK
_02
999 _c19772
_d19772